Entrepreneurship development in tourism: study of Goa (Record no. 13667)

MARC details
000 -LEADER
fixed length control field 00489nam a2200169Ia 4500
082 ## - DEWEY DECIMAL CLASSIFICATION NUMBER
Classification number TS.1053
100 ## - MAIN ENTRY--AUTHOR NAME
Personal name Sharma, Kshitiz
245 #0 - TITLE STATEMENT
Title Entrepreneurship development in tourism: study of Goa
260 ## - PUBLICATION, DISTRIBUTION, ETC. (IMPRINT)
Year of publication 2009
Name of publisher Bhavnagar University, Bhavnagar
300 ## - PHYSICAL DESCRIPTION
Number of Pages 264
504 ## - BIBLIOGRAPHY, ETC. NOTE
Bibliography, etc includes appendices and bibliography
650 ## - SUBJECT ADDED ENTRY--TOPICAL TERM
Topical Term Entrepreneurship
Geographic subdivision India
-- Goa
650 ## - SUBJECT ADDED ENTRY--TOPICAL TERM
Topical Term Tourism
Geographic subdivision India
-- Goa
650 ## - SUBJECT ADDED ENTRY--TOPICAL TERM
Topical Term Business enterprises
Geographic subdivision India
-- Goa
710 ## - ADDED ENTRY--CORPORATE NAME
Corporate name or jurisdiction name as entry element Oza, B. K.
942 ## - ADDED ENTRY ELEMENTS (KOHA)
Koha item type Thesis
Source of classification or shelving scheme Dewey Decimal Classification
Holdings
Withdrawn status Lost status Damaged status Not for loan Home library Current library Date acquired Bill Date Full call number Accession Number Price effective from Koha item type
        NASSDOC Library NASSDOC Library 01/06/2011 2011-05-02 TS.1053 47253 18/04/2019 Thesis